| 000 | 01370nab a22002297a 4500 | ||
|---|---|---|---|
| 999 |
_c6031 _d6031 |
||
| 003 | OSt | ||
| 005 | 20260116203856.0 | ||
| 008 | 190605e xxu||||| |||| 00| 0 spa d | ||
| 040 | _cPJ | ||
| 100 |
_aBruno, Oscar A. _96829 |
||
| 245 | 1 | 3 |
_aEl decreto 342/2025 y la intervención estatal (o no) en las asociaciones sindicales / _cOscar A. Bruno. |
| 260 |
_aCiudad Autónoma de Buenos Aires : _bThomson Reuters La Ley, _c2025. |
||
| 300 | _ap. 33-39 | ||
| 500 | _aCita Online: Cita: TR LALEY AR/DOC/2093/2025. | ||
| 505 | _aSumario: I. Introducción.— II. Los fundamentos expresados en el decreto.— III. Las facultades de la Autoridad de Aplicación.— IV. El art. 1° del dec. 342/25 y las nuevas facultades de la Autoridad de Aplicación.— V. Las diferencias entre ambas normas.— VI. El art. 15 del decreto.— VII. La relación (o la ausencia de ella) entre los fundamentos esgrimidos y las modificaciones realizadas.— VIII. Conclusión. | ||
| 505 | _t¿Te interesa el texto completo? Solicitalo al correo: koha@justierradelfuego.gov.ar | ||
| 650 | 0 |
_94583 _aDERECHOS SINDICALES |
|
| 650 | 0 |
_91367 _aASOCIACIONES SINDICALES |
|
| 650 | 0 |
_91462 _aCONFLICTOS COLECTIVOS DE TRABAJO |
|
| 773 | 0 |
_02711 _93168 _dCiudad Autónoma de Buenos Aires : Thomson Reuters La Ley, 1999-2002. _tRevista de derecho del trabajo. Nº 5 - Septiembre 2025 |
|
| 942 |
_2udc _cANA |
||